| 000 | 00608nam a2200217 i 4500 | ||
|---|---|---|---|
| 001 | bgj | ||
| 245 | 1 | 0 |
_aDieter Kühn / _chrsg. von Werner Klüppelholz und Helmut Scheuer. |
| 260 |
_aFrankfurt am Main : _bSuhrkamp, _c1992. |
||
| 300 |
_a369, [1] s. ; _c18 cm. |
||
| 490 | 1 |
_aSuhrkamp Taschenbuch _v2113 |
|
| 504 | _aBibliogr. 355-[366]. | ||
| 650 | 9 | _aLiteratura niemiecka | |
| 700 | 1 | _aKLÜPPELHOLZ, Werner. | |
| 700 | 1 | _aSCHEUER, Helmut. | |
| 830 | _aSuhrkamp Taschenbuch | ||
| 040 | _cBPK | ||
| 041 | _ager | ||
| 080 | _a821.112.2 | ||
| 942 | _cKS | ||
| 008 | s gw f |000 0 ger | ||
| 999 |
_c50357 _d50357 |
||
| 856 |
_uhttp://koha.tu.koszalin.pl/cgi-bin/koha/opac-detail.pl?biblionumber=50357 _yKatalog online BPK |
||